[Event "SUI-ch 117th"]
[Site "Graechen"]
[Date "2017.07.18"]
[Round "6"]
[White "Georgescu, Lena"]
[Black "Radt, Volker"]
[Result "1/2-1/2"]
[WhiteElo "2239"]
[BlackElo "2044"]
[PlyCount "59"]
[EventDate "2017.07.13"]
[EventType "swiss"]
[EventRounds "9"]
[EventCountry "SUI"]
[SourceTitle "EXT 2019"]
[Source "ChessBase"]
[SourceDate "2018.10.10"]
[SourceVersion "1"]
[SourceVersionDate "2018.10.10"]
[SourceQuality "1"]

1. e4 d5 2. exd5 Qxd5 3. Nf3 Bg4 4. Be2 Nc6 5. d4 0-0-0 6. c4 Qa5+ 7. Bd2 Qf5 8. d5 Bxf3 9. dxc6 Bxe2 10. cxb7+ Kxb7 11. Qxe2 Nf6 12. 0-0 e6 13. Nc3 Bc5 14. Be3 Rd7 15. Na4 Bd4 16. Rad1 Rhd8 17. Bxd4 Rxd4 18. Rxd4 Rxd4 19. Qe3 Rh4 20. Nc5+ Kc6 21. b4 Rxc4 22. Qa3 Qc2 23. Qa6+ Kd5 24. Nb3 Ke5 25. Qxa7 Nd5 26. h3 Qd3 27. Nc5 Qe2 28. a3 Kf5 29. Nb3 Qb2 30. Nc5 1/2-1/2